000 00682nam a2200229Ia 4500
003 OSt
005 20230522155348.0
008 210423s2002 xx 000 0 und d
040 _cAL
041 _aeng
082 _a323
_223
_bIIHR
100 _aINDIAN INSTITUTE OF HUMAN RIGHTS
_9110696
245 _aImplementation enforcement and realization of human rights
260 _aNew Delhi
_bIndian Institute of Human Rights
_c2002
300 _a1,104
365 _b250
_cINR
440 _v4B.3
650 _aCivil & Political Rights
_9110697
650 _aPolitical Science
_9110698
906 _aenforcement ; human ; Implementation ; realization ; rights
942 _2ddc
_cBK
999 _c172756
_d172756